[Event "Moscow op (Women) 17th"]
[Site "Moscow"]
[Date "2021.02.24"]
[Round "5"]
[White "Naumova, Alexandra"]
[Black "Khegai, Darya"]
[Result "1-0"]
[WhiteElo "1800"]
[BlackElo "1566"]
[PlyCount "149"]
[EventDate "2021.02.20"]
[EventType "swiss"]
[EventRounds "9"]
[EventCountry "RUS"]
[SourceTitle "CBM 200 Extra"]
[Source "ChessBase"]
[SourceDate "2021.03.31"]
[SourceVersion "1"]
[SourceVersionDate "2021.03.31"]
[SourceQuality "1"]

1. e4 c6 2. d4 d5 3. Nc3 dxe4 4. Nxe4 Nd7 5. Ng5 Ngf6 6. Bd3 e6 7. N1f3 Bd6 8. Qe2 Nb6 9. 0-0 h6 10. Ne4 Nxe4 11. Qxe4 Nd7 12. Qg4 Kf8 13. Qe4 Qc7 14. b3 Nf6 15. Qe2 Ng4 16. h3 Nh2 17. Re1 Nxf3+ 18. Qxf3 Qa5 19. Bb2 Qg5 20. Be4 Bd7 21. c4 f5 22. Bd3 Qf4 23. Qxf4 Bxf4 24. Ba3+ Kf7 25. Bxf5 Bd2 26. Re2 Bc3 27. Rd1 exf5 28. Re7+ Kf6 29. Rxd7 b6 30. Rd6+ Kg5 31. Rxc6 Rae8 32. Kf1 Re4 33. f3 Rxd4 34. Rxd4 Bxd4 35. Re6 Bf6 36. g3 Kg6 37. Ke2 Rc8 38. Rd6 Kh7 39. Rd7 Re8+ 40. Kd2 a5 41. Bd6 Bd4 42. Bf4 Bc5 43. Bd6 Bd4 44. Kd3 Bf2 45. Bf4 Bc5 46. Rd5 Kg6 47. Re5 Rd8+ 48. Kc2 Kf6 49. Re2 Rd7 50. Be5+ Kf7 51. Rd2 Re7 52. f4 Ra7 53. Bd4 Bxd4 54. Rxd4 Re7 55. Kd2 a4 56. Rd6 axb3 57. axb3 Rb7 58. Kd3 Ke7 59. Rd5 Ke6 60. g4 fxg4 61. hxg4 Ra7 62. Ke4 Ra1 63. Rb5 Ra6 64. f5+ Kd6 65. Re5 Kc7 66. Kd5 Ra1 67. Ke6 Rg1 68. Re4 h5 69. gxh5 Rh1 70. Rg4 Rxh5 71. Rxg7+ Kc6 72. Rg3 Rh1 73. Re3 Rd1 74. f6 Rh1 75. f7 1-0

[Event "Moscow op (Women) 17th"]
[Site "Moscow"]
[Date "2021.02.20"]
[Round "1"]
[White "Naumova, Alexandra"]
[Black "Yakimova, Mariya"]
[Result "0-1"]
[WhiteElo "1800"]
[BlackElo "2232"]
[PlyCount "108"]
[EventDate "2021.02.20"]
[EventType "swiss"]
[EventRounds "9"]
[EventCountry "RUS"]
[SourceTitle "CBM 200 Extra"]
[Source "ChessBase"]
[SourceDate "2021.03.31"]
[SourceVersion "1"]
[SourceVersionDate "2021.03.31"]
[SourceQuality "1"]

1. e4 c5 2. Nf3 d6 3. d4 cxd4 4. Nxd4 Nf6 5. Nc3 a6 6. Be2 e5 7. Nb3 Be7 8. Be3 Be6 9. 0-0 0-0 10. a4 Nbd7 11. f3 Rc8 12. Qd2 Nb6 13. Rfd1 Qc7 14. a5 Nc4 15. Bxc4 Qxc4 16. Rac1 Rfd8 17. Qd3 d5 18. Qxc4 Rxc4 19. Bb6 Rd7 20. exd5 Nxd5 21. Nxd5 Rxd5 22. Rxd5 Bxd5 23. Rd1 Be6 24. c3 f6 25. Nd2 Rc6 26. Ne4 f5 27. Bd8 Bf8 28. Ng5 Bc8 29. Kf1 h6 30. Nh3 Kf7 31. Nf2 Be6 32. Nd3 Bd6 33. g3 Bc4 34. Ke1 Ke6 35. Bb6 g5 36. Nb4 Rc8 37. Nc2 f4 38. Kf2 Rf8 39. g4 h5 40. h3 hxg4 41. hxg4 Rh8 42. Kg2 Bd5 43. Re1 Kd7 44. Rd1 Kc6 45. Nb4+ Bxb4 46. cxb4 e4 47. Rc1+ Kd7 48. Rc7+ Ke6 49. fxe4 Bxe4+ 50. Kf1 Rh1+ 51. Ke2 f3+ 52. Kf2 Rh2+ 53. Kf1 Bd3+ 54. Ke1 Re2+ 0-1